Financial economics : a concise introduction to classical and behavioral finance /
Saved in:
| Main Author: | |
|---|---|
| Other Authors: | |
| Format: | Book |
| Language: | English |
| Published: |
Heidelberg ; New York :
Springer,
c2010.
|
| Subjects: | |
| Tags: |
Add Tag
No Tags, Be the first to tag this record!
|
| LEADER | 00950nam a2200289 a 4500 | ||
|---|---|---|---|
| 001 | 012596830-2 | ||
| 005 | 20110622130542.0 | ||
| 008 | 100609s2010 gw a b 001 0 eng | ||
| 010 | |a 2010930284 | ||
| 020 | |a 9783540361466 (hardcover : alk. paper) | ||
| 020 | |a 9783540361480 (ebook) | ||
| 035 | 0 | |a ocn471801940 | |
| 040 | |a DLC |c DLC |d MH-L | ||
| 042 | |a pcc | ||
| 050 | 0 | 0 | |a HG173 |b .H46 2010 |
| 050 | 4 | |a HG106 |b .H46 2010x | |
| 100 | 1 | |a Hens, Thorsten. | |
| 245 | 1 | 0 | |a Financial economics : |b a concise introduction to classical and behavioral finance / |c Thorsten Hens, Marc Oliver Rieger. |
| 260 | |a Heidelberg ; |a New York : |b Springer, |c c2010. | ||
| 300 | |a xi, 374 p. : |b ill. ; |c 24 cm. | ||
| 504 | |a Includes bibliographical references (p. [357]-365) and index. | ||
| 650 | 0 | |a Finance. | |
| 650 | 0 | |a Finance |x Mathematical models. | |
| 650 | 0 | |a Finance |x Econometric models. | |
| 700 | 1 | |a Rieger, Marc Oliver. | |
| 988 | |a 20101025 | ||
| 906 | |0 DLC | ||


